000
00225 a2200097 4500
001
40987
100
_a
Shibli Naumani
245
_a
Seerat un Nabi (Vol-I, II)
260
_a
Lahore
_b
Maqtaba-e-Madina
_c
090
_c
25223
_d
25223
942
_a
NUST-CAE
_c
M
_c
16918
999
_c
276060
_d
276060